Southville International School and Colleges
Your cart is empty.
  • Cart
  • Lists
    Public lists Eva Luna New books Lux_list list_1
    Your lists Log in to create your own lists
  • Log in to your account
  • Your cookies
  • Search history
Southville International School and Colleges
  • Advanced search
  • Recent comments
  • Most popular
  • Libraries

Log in to your account

Log in with GOOGLE


If you do not have an external account, but do have a local account, you can still log in:

  1. Home
  2. MARC view: Primary english composition :
Normal view MARC view ISBD view

Primary english composition : (Record no. 11832)

[ view plain ]
MARC details
000 -LEADER
fixed length control field 00641nam a22002057a 4500
003 - CONTROL NUMBER IDENTIFIER
control field OSt
005 - DATE AND TIME OF LATEST TRANSACTION
control field 20170317075554.0
008 - FIXED-LENGTH DATA ELEMENTS--GENERAL INFORMATION
fixed length control field 130920t xxu||||| |||| 00| 0 eng d
020 ## - INTERNATIONAL STANDARD BOOK NUMBER
International Standard Book Number 9812550062
050 ## - LIBRARY OF CONGRESS CALL NUMBER
Classification number TR 428
Item number Le51 2007
082 ## - DEWEY DECIMAL CLASSIFICATION NUMBER
Classification number GS 428
Item number L51-b5 2007
100 ## - MAIN ENTRY--PERSONAL NAME
Personal name Lee, Benjamin
9 (RLIN) 21142
245 ## - TITLE STATEMENT
Title Primary english composition :
Remainder of title guide and practice book 5 /
Statement of responsibility, etc Benjamin Lee.
260 ## - PUBLICATION, DISTRIBUTION, ETC. (IMPRINT)
Place of publication, distribution, etc Singapore :
Name of publisher, distributor, etc Singapore Asian Publications,
Date of publication, distribution, etc 2007.
300 ## - PHYSICAL DESCRIPTION
Extent 149 p. ;
Dimensions 27 cm.
650 ## - SUBJECT ADDED ENTRY--TOPICAL TERM
Topical term or geographic name as entry element English language
General subdivision Study and teaching
9 (RLIN) 21143
650 ## - SUBJECT ADDED ENTRY--TOPICAL TERM
Topical term or geographic name as entry element Composition
General subdivision Guide and practice
9 (RLIN) 21144
942 ## - ADDED ENTRY ELEMENTS (KOHA)
Source of classification or shelving scheme Dewey Decimal Classification
Koha item type Books
Holdings
Withdrawn status Lost status Source of classification or shelving scheme Damaged status Home library Current library Shelving location Date acquired Source of acquisition Total Checkouts Full call number Barcode Date last seen Copy number Price effective from Koha item type
    Dewey Decimal Classification   Munich Library Munich Library Teachers Reference Section 09/20/2013 Library Fund   TR 428 Le51 2007 M7958 09/20/2013 1 10/03/2013 Books

Primary english composition :

APA

Lee B., . (2007). Primary english composition. Singapore: Singapore Asian Publications.

Chicago

Lee Benjamin, . 2007. Primary english composition. Singapore: Singapore Asian Publications.

Harvard

Lee B., . (2007). Primary english composition. Singapore: Singapore Asian Publications.

MLA

Lee Benjamin, . Primary english composition. Singapore: Singapore Asian Publications. 2007.

  • Place hold
  • Print
  • Cite
  • Add to your cart (remove)
  • Save record
    BIBTEX Dublin Core MARCXML MARC (non-Unicode/MARC-8) MARC (Unicode/UTF-8) MARC (Unicode/UTF-8, Standard) MODS (XML) RIS
  • More searches
    Search for this title in:
    Other Libraries (WorldCat) Other Databases (Google Scholar) Online Stores (Bookfinder.com) Open Library (openlibrary.org)

Exporting to Dublin Core...

SOUTHVILLE LIBRARY

Southville International School and Colleges Library

1281 Tropical Ave. Cor. Luxembourg St., BF Homes International, Las Pinas City

Tel. No. 8256374 / 252358 Loc. 117/146

Powered by Koha